El libro de costura de Merchant and Mills : 15 proyectos fabulosos para coser de forma creativa /

Se describen aquí las bases técnicas de la confección, desde el conocimiento de los utensilios de costura , piezas de mercería y tejidos de las telas, pasando por principios de corte, puntadas y planchado, para elaborar piezas sencillas de bolsos, cojines y tops.

Kaydedildi:
Detaylı Bibliyografya
Yazar: Denham, Carolyn N.K (autor)
Diğer Yazarlar: Field, Roderick (autor) (autor)
Materyal Türü: Kitap
Dil:İspanyolca
Baskı/Yayın Bilgisi: Barcelona, España : Gustavo Gili, 2016, c2016
Seri Bilgileri:(GGDIY)
Konular:
Etiketler: Etiketle
Etiket eklenmemiş, İlk siz ekleyin!

MARC

LEADER 00000nam^a2200000^a^4500
001 000390483
005 20250521000000.0
009 20260310121149.096
020 |a 978-84-252-2922-0 
037 |a Acervo ITESO - Biblioteca 
041 |a ESP 
082 |a 746. 9202  |b DEN 
100 |a Denham, Carolyn N.K.  |e (autor) 
245 1 3 |a El libro de costura de Merchant and Mills :  |b 15 proyectos fabulosos para coser de forma creativa /  |c C.N.K. Denham ; il. R. Field ; tr. por Belén Herrero. 
264 4 |a Barcelona, España :  |b Gustavo Gili,  |c 2016, c2016 
300 |a 175 p. +  |e 1 patrón 
336 |a texto  |b txt  |2 rdacontenido 
337 |a sin mediación  |b n  |2 rdamedio 
338 |a volumen  |b nc  |2 rdasoporte 
440 1 |a (GGDIY) 
500 |a Traducción de: Merchant & Mills Sewing Book 
520 |a Se describen aquí las bases técnicas de la confección, desde el conocimiento de los utensilios de costura , piezas de mercería y tejidos de las telas, pasando por principios de corte, puntadas y planchado, para elaborar piezas sencillas de bolsos, cojines y tops. 
521 |a 2017 BO Licenciatura en Diseño de Indumentaria y Moda 
649 |a XX 
650 |a Telas 
650 |a Patrones (Moda) 
650 |a Blusas 
650 |a Bolsas de Mano 
650 |a Almohadones y Cojines 
650 |a Corte y Confección -  |x Materiales y Equipo 
650 |a Corte y Confección -  |x Técnica 
650 |a Corte y Confección -  |x Tema Principal 
650 |a Diseño de Moda -  |x Tema Principal 
650 |a Moda 
650 |a Diseño 
700 |a Field, Roderick  |e (autor) 
910 |a Fondo General 
920 |a Impresos - Libros 
930 |a Reserva Especial 
905 |a 103 
901 |a 0500285373  |b IT1  |c REE  |i C154316  |u 20250521 
901 |a 0500285370  |b IT2  |c FOL  |i C154316  |u 20250521 
902 |a https://opac.biblio.iteso.mx/vufind/Record/000390483